000 02230cam a2200469Mi 4500
999 _c2734
_d2734
001 .b20282369
003 OCoLC
005 20230818082146.0
007 ta
008 140416s2014 enka p 000 1 eng
020 _a0230463363
020 _a9780230463400
_q(with key+MPO Pack)
020 _a0230463401
035 _a(OCoLC)880332686
_z(OCoLC)892047637
040 _aAU@
_beng
_erda
_cAU@
_dOCLCO
_dOCLCF
_dNZPPC
_dOCLCQ
_dNZAUC
_dCNCGM
_dOCLCQ
_dKH8
042 _anbic
082 0 4 _a428.24 MCC
100 1 _aMcCarter, Sam,
_eauthor.
245 1 0 _aWriting for IELTS with answer key :
_b6.0-7.5 /
_cSam McCarter.
264 1 _aLondon :
_bMacmillan,
_c2014.
264 4 _c©2014.
300 _a107 pages :
_bcolour illustrations ;
_c27 cm.
336 _atext
_btxt
_2rdacontent.
337 _aunmediated
_bn
_2rdamedia.
338 _avolume
_bnc
_2rdacarrier.
490 1 _aImprove your skills.
505 0 _aEducation -- Communication and the internet -- Tourism and travel -- Culture -- People and the environment -- Food and the environment -- The working world -- Sports and activities -- Crime and money -- Language and culture -- Sample answeres -- Answer key.
520 _aPrepares pupils for the Academic IELTS Writing paper. This book is full of exercises and examples to help develop key Writing skills. It includes tips that support students on how to approach the Writing tasks, and MPO for further practice online. It is a 'With Key' version.
650 0 _aInternational English Language Testing System.
650 0 _aInternational English Language Testing System
_vStudy guides.
650 0 _aEnglish language
_xStudy and teaching.
650 0 _aEnglish language
_xWritten English.
650 0 _aEnglish language
_xGrammar.
650 7 _aEnglish language
_xGrammar.
_2fast
_0(OCoLC)fst00911209.
650 7 _aEnglish language
_xStudy and teaching.
_2fast
_0(OCoLC)fst00911670.
650 7 _aEnglish language
_xWritten English.
_2fast
_0(OCoLC)fst00911976.
650 7 _aInternational English Language Testing System.
_2fast
_0(OCoLC)fst00976660.
655 7 _aStudy guides.
_2fast
_0(OCoLC)fst01423888.
700 _aWhitby, Norman,
_eauthor.
830 0 _aImprove your skills (Macmillan)
942 _2ddc
_cTR